Teória a realita v zamestnanosti žien
Nerovnosť šancí na trhu práce a diskriminácia v odmeňovaní žien v krajinách Európskej únie. Nedodržiavanie princípu rovnosti príležitostí mužov a žien na pracovnom trhu. Problém v odmeňovaní mužov a žien a možnosti ich odstránenia. Rodová rovnosť ako predpoklad ekonomického rastu, disponibilnej pra...
Gespeichert in:
| 1. Verfasser: | |
|---|---|
| Format: | Buchkapitel |
| Sprache: | Slowakisch |
| Schlagworte: | |
| Tags: |
Keine Tags, Fügen Sie das erste Tag hinzu!
|
MARC
| LEADER | 00000nla$a2200000$$$4500 | ||
|---|---|---|---|
| 001 | 0145347 | ||
| 005 | 20240502072620.3 | ||
| 041 | 0 | |a slo | |
| 044 | |a SK | ||
| 245 | 1 | 0 | |a Teória a realita v zamestnanosti žien |c Stanislava Veselovská |
| 520 | |a Nerovnosť šancí na trhu práce a diskriminácia v odmeňovaní žien v krajinách Európskej únie. Nedodržiavanie princípu rovnosti príležitostí mužov a žien na pracovnom trhu. Problém v odmeňovaní mužov a žien a možnosti ich odstránenia. Rodová rovnosť ako predpoklad ekonomického rastu, disponibilnej pracovnej sily a udržateľných verejných financií. | ||
| 610 | 2 | 0 | |a Európska únia |
| 610 | 2 | 0 | |a Slovensko |
| 610 | 2 | 0 | |a trh práce |
| 610 | 2 | 0 | |a zamestnanosť |
| 610 | 2 | 0 | |a vzťahy genderové |
| 610 | 2 | 0 | |a nerovnosť rodová |
| 610 | 2 | 0 | |a diskriminácia |
| 610 | 2 | 0 | |a ženy |
| 610 | 2 | 0 | |a odmeňovanie |
| 610 | 2 | 0 | |a spolupráca medzinárodná |
| 610 | 2 | 0 | |a smernice |
| 100 | 1 | |a Veselovská, Stanislava, 1957- | |